Central Library OPAC University of Rajshahi
Normal view MARC view

Entry Personal Name

Number of records used in: 2

001 - CONTROL NUMBER

  • control field: 3019

003 - CONTROL NUMBER IDENTIFIER

  • control field: BD-RjUL

005 - DATE AND TIME OF LATEST TRANSACTION

  • control field: 20220516160342.0

008 - FIXED-LENGTH DATA ELEMENTS

  • fixed length control field: 220516|| aca||aabn | a|a d

040 ## - CATALOGING SOURCE

  • Original cataloging agency: BD-RjUL
  • Transcribing agency: BD-RjUL

100 ## - HEADING--PERSONAL NAME

  • Personal name: Fazal, Abul
  • Dates associated with a name: 1903-1983
  • General subdivision: Criticism and Interpretation

670 ## - SOURCE DATA FOUND

  • Source citation: Work cat.: (BD-RjUL)79802: মান্নান, মো: আব্দুল 3017, আবুল ফজলের প্রবন্ধে সমকালীন ভাবনা ;, ১৯৯৬